书目信息 |
| 题名: |
解放战争
|
|
| 作者: | 王树增 著 | |
| 分册: | 上 | |
| 出版信息: | 北京 人民文学出版社 2009 |
|
| 页数: | 721页 | |
| 开本: | 24cm | |
| 丛书名: | ||
| 单 册: | ||
| 中图分类: | I253.2 , K266.06 | |
| 科图分类: | ||
| 主题词: | 报告文学--中国--现代 , 第三次国内革命战争--中国--史料 | |
| 电子资源: | ||
| ISBN: | 978-7-02-007358-0 | |
| 000 | 00938nam0 2200277 450 | |
| 001 | 100428651850 | |
| 005 | 20110225091912.56 | |
| 010 | @a978-7-02-007358-0@dCNY60.00 | |
| 035 | @a004289845 | |
| 100 | @a20091019d2009 em y0chiy0110 ea | |
| 101 | 0 | @achi |
| 102 | @aCN@b110000 | |
| 105 | @aa z 000zy | |
| 106 | @ar | |
| 200 | 1 | @a解放战争@9jie fang zhan zheng@h上@e1945年8月-1948年9月@f王树增著 |
| 210 | @a北京@c人民文学出版社@d2009 | |
| 215 | @a721页@c照片@d24cm | |
| 300 | @a王树增战争系列 | |
| 330 | @a本书生动而真实地记述了六十年前发生在远东的那场震撼世界的战争。包含着惊心动魄的人生沉浮和变幻莫测的战场胜负,尽展中国历史上规模最大的一场战争的丰饶内容。 | |
| 606 | 0 | @a报告文学@y中国@z现代 |
| 606 | 0 | @a第三次国内革命战争@y中国@j史料 |
| 690 | @aI253.2@v4 | |
| 690 | @aK266.06@v4 | |
| 701 | 0 | @a王树增@9wang shu zeng@f(1952~)@4著 |
| 801 | 0 | @aCN@bNLC@c20110225 |
| 905 | @b205281924-951@h528192-95@dI253.2@e792:1@f4 | |
| 解放战争.上:1945年8月-1948年9月/王树增著.-北京:人民文学出版社,2009 |
| 721页:照片;24cm |
| 王树增战争系列 |
| ISBN 978-7-02-007358-0:CNY60.00 |
| 本书生动而真实地记述了六十年前发生在远东的那场震撼世界的战争。包含着惊心动魄的人生沉浮和变幻莫测的战场胜负,尽展中国历史上规模最大的一场战争的丰饶内容。 |
| ● |
| 相关链接 |
|
|
|
|
正题名:解放战争
索取号:I253.2/792:1
 
预约/预借
| 序号 | 登录号 | 条形码 | 馆藏地/架位号 | 状态 | 备注 |
| 1 | 528192 | 205281924 | 第一样本阅览室/ [索取号:I253.2/792:1] | 在馆 | |
| 2 | 528193 | 205281933 | 第二借阅区/ [索取号:I253.2/792:1] |
已借出,限还日期为2026.06.01 借出人:回亭旭 |
|
| 3 | 528194 | 205281942 | 第二借阅区/ [索取号:I253.2/792:1] | 在馆 | |
| 4 | 528195 | 205281951 | 第二借阅区/ [索取号:I253.2/792:1] | 在馆 | |
| 5 | 599784 | 205997849 | 第二借阅区/ [索取号:I253.2/792:1] | 在馆 |